| 000 | | | 04045nac2a22002771x 450 |
| 001 | | | fdacec65-714d-428c-bb62-5c1edd53c93c |
| 005 | | | 20131125152630.0 |
| 100 | ## | $a | 20130529l1923 k y0rusy50 ca |
| 101 | 0# | $a | rus |
| 102 | ## | $a | RU |
| 105 | ## | $a | y z ||||| |
| 200 | 1# | $a | Статья "Граф С. Ю. Витте" (отрывочные воспоминания) |
| | $j | [1923] |
| 215 | ## | $a | 26 листов |
| 251 | ## | $c | Дело |
| 300 | ## | $a | Заголовок дела на папке: Статья А. Ф. Кони "Граф С. Ю. Витте" (отрывочные воспоминания) |
| 300 | ## | $a | Черновик |
| 300 | ## | $a | Часть текста напечатана на машинке с рукописными пометками; частично рукописный текст |
| 330 | ## | $a | Документальные материалы, отложившиеся в результате творческой деятельности А. Ф. Кони; Биографические очерки, написанные А. Ф. Кони |
| 461 | #0 | $1 | 0013a54f2e3-e9cf-409b-80fa-f0a9bd3c40cb |
| | $1 | 2001 |
| | $a | Кони Анатолий Федорович, юрист, литератор, член академии наук, председатель Санкт-Петербургского окружного суда, член государственного совета |
| | $1 | 251 |
| | $c | Фонд |
| | $1 | 852 |
| | $j | 564 |
| 462 | #0 | $1 | 00178a475cd-a47d-4377-bff3-cee4b81de655 |
| | $1 | 2001 |
| | $a | Опись дел фонда А. Ф. Кони за 1880-1931 гг. |
| | $1 | 251 |
| | $c | Опись |
| | $1 | 852 |
| | $j | 1 |
| 517 | ## | $a | Статья А. Ф. Кони "Граф С. Ю. Витте" (отрывочные воспоминания) |
| 600 | #1 | $a | Кони |
| | $b | А. Ф. |
| | $f | 1844-1927 |
| | $g | Анатолий Федорович |
| 600 | #1 | $a | Витте |
| | $b | С. Ю. |
| | $f | 1849-1915 |
| | $g | Сергей Юльевич |
| 801 | #0 | $a | RU |
| | $b | GA_RF |
| 801 | #1 | $a | RU |
| | $b | НПО Опыт |
| | $c | 20130529 |
| | $2 | rusmarc |
| 801 | #2 | $a | RU |
| | $b | ПБ им. Б.Н. Ельцина |
| | $c | 20131125 |
| | $g | RCR |
| | $2 | rusmarc |
| 852 | ## | $a | ГА РФ |
| | $j | 66 |
| 937 | ## | $d | 42050432 |
| | $h | ПБ |
| 035 | ## | $a | RuPRLIB51000015 |